000 00720cam a2200217 4500
001 WB3546-48
008 000000n1999 000 0 eng u
035 _a(Sirsi) u102638
245 _aBrake on road tolls until 2005
260 _c1999
490 _aDaily Telegraph
_v 23 November 1999, 1(1)
520 _aPrescott plans to delay the introduction of road tolls for at least five years to provide more time for improvements in public transport, and to perfect charging technology.
590 _aWB
650 _aROAD TOLLS
650 _aPUBLIC TRANSPORT
650 _aLIGHT RAIL SYSTEMS
650 _aWORKPLACE PARKING
650 _aTRANSPORT BILL
690 _aTRANSPORT AND COMMUNICATIONS
942 _n0
999 _c61633
_d61633